Choosing the extent of private participation in public services (Registro nro. 22999)

Detalles MARC
000 -LEADER
fixed length control field 00421 a2200133 4500
001 - CONTROL NUMBER
control field ART_5904
005 - DATE AND TIME OF LATEST TRANSACTION
control field 20260410161828.0
008 - FIXED-LENGTH DATA ELEMENTS--GENERAL INFORMATION
fixed length control field 260409a
100 1# - MAIN ENTRY--PERSONAL NAME
Personal name Chisari, Omar O.
245 10 - TITLE STATEMENT
Title Choosing the extent of private participation in public services
700 1# - ADDED ENTRY--PERSONAL NAME
Personal name Lambardi, Germán
700 1# - ADDED ENTRY--PERSONAL NAME
Personal name Romero, Carlos A.
773 0# - HOST ITEM ENTRY
Title Estudios Económicos
Related parts - Vol. 26, Nº 52 (ene./jun. 2009)
Record control number REV5080

No hay ítems disponibles.